000 00215 a2200097 4500
001 32581
100 _aEvans, H
245 _aDowning street diary
260 _aLondon
_bHodder & Stoughton
_c
090 _c21797
_d21797
942 _aNUST-CAE
_cM
_c13110
999 _c267654
_d267654